All 32 football teams - Statistics

General Stats
  • This quiz has been taken 23 times
  • The average score is 26 of 32
Answer Stats
Hint Answer % Correct
14. 49ers
94%
5. Eagles
94%
6. Vikings
94%
15. Cardinals
88%
7. Giants
88%
19. Jets
88%
10. Lions
88%
11. Packers
88%
2. Panthers
88%
12. Bears
82%
24. Chargers
82%
20. Dolphins
82%
1. Falcons
82%
17. Patriots
82%
23. Raiders
82%
9. Redskins
82%
13. Seahawks
82%
26. Bengals
76%
21. Broncos
76%
22. Cheifs
76%
31. Colts
76%
8. Cowboys
76%
32. Jaguars
76%
16. Rams
76%
25. Steelers
76%
29. Texans
76%
18. Bills
71%
28. Browns
71%
3. Buccaneers
71%
4. Saints
71%
30. Titans
65%
27. Ravens
59%
No matching quizzes found
Score Distribution
Percent of People with Each Score
Percentile by Number Answered
Your Score History
You have not taken this quiz